<?xml version="1.0" encoding="UTF-8"?>
<record
    xmlns:xsi="http://www.w3.org/2001/XMLSchema-instance"
    xsi:schemaLocation="http://www.loc.gov/MARC21/slim http://www.loc.gov/standards/marcxml/schema/MARC21slim.xsd"
    xmlns="http://www.loc.gov/MARC21/slim">

  <leader>01604ngm a22001811i 4500</leader>
  <controlfield tag="001">24582</controlfield>
  <datafield tag="090" ind1=" " ind2=" ">
    <subfield code="a">24582</subfield>
  </datafield>
  <datafield tag="100" ind1=" " ind2=" ">
    <subfield code="a">20120424u        u  u0frey50      ba</subfield>
  </datafield>
  <datafield tag="200" ind1="1" ind2=" ">
    <subfield code="a">A rainha</subfield>
    <subfield code="e">uma rainha da na&#xE7;&#xE3;o, uma princesa do povo</subfield>
  </datafield>
  <datafield tag="101" ind1="1" ind2=" ">
    <subfield code="a">eng</subfield>
    <subfield code="c">eng</subfield>
  </datafield>
  <datafield tag="215" ind1=" " ind2=" ">
    <subfield code="d">1 DVD (aprox. 98 minutos) : 19 cm</subfield>
  </datafield>
  <datafield tag="300" ind1=" " ind2=" ">
    <subfield code="a">N&#xBA;  de registo 1435/2007. - M/ 12 anos</subfield>
  </datafield>
  <datafield tag="330" ind1=" " ind2=" ">
    <subfield code="a">31 de Agosto de 1997. O Mundo acorda em choque com a morte de Diana, Princesa de Gales. Alguns dias mais tarde, milh&#xF5;es de pessoas acompanhariam, em directo, o seu funeral. Mas, imediatamente ap&#xF3;s a morte da Princesa Diana, o herm&#xE9;tico e conservador mundo da Rainha de Inglaterra colidiria com um moderno e rec&#xE9;m eleito Primeiro Ministro - Tony Blair. A Rainha especula sobre a batalha &#xE9;pica que se ter&#xE1; travado entre a fam&#xED;lia Real e o Governo Brit&#xE2;nico durante esses dias...enquanto uma Na&#xE7;&#xE3;o em luto aguardava decis&#xF5;es por parte dos seus l&#xED;deres. Com desempenhos not&#xE1;veis de Helen Mirren no papel da Rainha(rec&#xE9;m galardoada com o pr&#xE9;mio de melhor Actriz no festival de Veneza) e de Michael Sheen no appel de Tony Blair, a Rainha conta com um argumento ex&#xED;mio de Peter Morgan (tamb&#xE9;m reconhecido com o pr&#xE9;mio de melhor argumento no festival de Veneza) e a realiza&#xE7;&#xE3;o do veterano Stephen Frears.</subfield>
  </datafield>
  <datafield tag="700" ind1=" " ind2="1">
    <subfield code="a">Frears</subfield>
    <subfield code="b">Stephen</subfield>
    <subfield code="4">370</subfield>
  </datafield>
  <datafield tag="210" ind1=" " ind2=" ">
    <subfield code="c">LNK Audiovisuais</subfield>
    <subfield code="a">Cruz Quebrada</subfield>
    <subfield code="d">2007</subfield>
  </datafield>
  <datafield tag="996" ind1=" " ind2=" ">
    <subfield code="f">0017383</subfield>
    <subfield code="k">FRE</subfield>
    <subfield code="u">M/ 12 anos</subfield>
    <subfield code="m">00000000</subfield>
    <subfield code="n">00000000</subfield>
    <subfield code="a">BMVAAG</subfield>
    <subfield code="b">4</subfield>
    <subfield code="v">Aguiar</subfield>
    <subfield code="x">DVDs / CD-Roms</subfield>
    <subfield code="y">106</subfield>
    <subfield code="e">DVD</subfield>
    <subfield code="1">0</subfield>
    <subfield code="3">1</subfield>
  </datafield>
  <datafield tag="996" ind1=" " ind2=" ">
    <subfield code="f">0020154</subfield>
    <subfield code="k">FRE</subfield>
    <subfield code="u">M/ 12 anos</subfield>
    <subfield code="m">00000000</subfield>
    <subfield code="n">00000000</subfield>
    <subfield code="a">BMVA</subfield>
    <subfield code="b">1</subfield>
    <subfield code="v">Viana do Alentejo</subfield>
    <subfield code="x">DVDs / CD-Roms</subfield>
    <subfield code="y">106</subfield>
    <subfield code="e">DVD</subfield>
    <subfield code="1">0</subfield>
    <subfield code="3">1</subfield>
  </datafield>
  <datafield tag="990" ind1=" " ind2=" ">
    <subfield code="c">FILMES DVD</subfield>
  </datafield>
  <datafield tag="995" ind1=" " ind2=" ">
    <subfield code="0">0</subfield>
    <subfield code="1">0</subfield>
    <subfield code="9">33510</subfield>
    <subfield code="b">BMVAAG</subfield>
    <subfield code="d">BMVAAG</subfield>
    <subfield code="e">DVDs / CD-Roms</subfield>
    <subfield code="f">0000172VI</subfield>
    <subfield code="k">FRE</subfield>
    <subfield code="m">2018-10-11</subfield>
    <subfield code="o">0</subfield>
    <subfield code="r">FILMES DVD</subfield>
    <subfield code="u">M/ 12 anos</subfield>
  </datafield>
  <datafield tag="995" ind1=" " ind2=" ">
    <subfield code="0">0</subfield>
    <subfield code="1">0</subfield>
    <subfield code="9">33511</subfield>
    <subfield code="b">BMVA</subfield>
    <subfield code="d">BMVA</subfield>
    <subfield code="e">DVDs / CD-Roms</subfield>
    <subfield code="f">0000683VI</subfield>
    <subfield code="k">FRE</subfield>
    <subfield code="o">0</subfield>
    <subfield code="r">FILMES DVD</subfield>
    <subfield code="u">M/ 12 anos</subfield>
    <subfield code="a">BMVA</subfield>
    <subfield code="c">BMVA</subfield>
    <subfield code="q">106</subfield>
  </datafield>
</record>
